مكتبة جامعة عجلون الوطنية

فهرس بحث المكتبة

Normal view MARC view
  • الزبن، سليمان ضيف الله

Entry Personal Name

Number of records used in: 1

001 - CONTROL NUMBER

  • control field: 59170

003 - CONTROL NUMBER IDENTIFIER

  • control field: JO-AjAnu

005 - DATE AND TIME OF LATEST TRANSACTION

  • control field: 20230606083658.0

008 - FIXED-LENGTH DATA ELEMENTS

  • fixed length control field: 230606|| aca||aabn | a|a d

040 ## - CATALOGING SOURCE

  • Original cataloging agency: JO-AjAnu
  • Transcribing agency: JO-AjAnu

100 ## - HEADING--PERSONAL NAME

  • Personal name: الزبن، سليمان ضيف الله

670 ## - SOURCE DATA FOUND

  • Source citation: Work cat.: (JO-AjAnu)30181: الزبن، سليمان ضيف الله , author, التحويل الإلكتروني للأموال ومسؤولية البنوك القانونية